000 00296nam a22001337a 4500
008 170614b xxu||||| |||| 00| 0 eng d
020 _a0385279086
041 _aeng
080 _a32
100 _a19
101 _aSHP
245 _aAUTOCRATS OF ALL THE RUSSIAS
_cLINCOLN, W.B
942 _2udc
_cBK
999 _c17296
_d17296